000 00735nam a2200229 a 4500
001 48998
003 BD-RjUL
005 20211209054624.0
008 160817s1984 bg ||||| |||| 00| p ben d
020 _c: Tk. 10.00
035 _a(BD-RjUL) 49117
040 _aBD-RjUL
_bben
_cBD-RjUL
041 _aben
082 _223
_a891.441
_bKAO 1984
100 1 _aকরিম, মুশাররাফ
_9147496
245 1 0 _aঅন্য এক আদিবাসে /
_cমুশাররাফ করিম
260 _aঢাকা :
_bসৎবিৎ,
_c১৯৮৪
300 _a৬৪ পৃ. ;
_c২১ সেমি.
650 _aবাংলা কবিতা
_9147497
650 _aBengali Poetry
_9147498
942 _2ddc
_cBK
999 _c48998
_d48998